|
|
|
|
| LEADER |
00000nam a2200000 a 4500 |
| 001 |
vtls001079822 |
| 003 |
SK-MaSNL |
| 005 |
20260301111141.0 |
| 008 |
250414s1988 xo 0 slo |
| 015 |
|
|
|a SNBA1989/01
|
| 035 |
|
|
|a SNK000022659
|
| 040 |
|
|
|a SNK
|b slo
|c SNK
|e AACR2
|
| 041 |
0 |
|
|a slo
|
| 044 |
|
|
|a xo
|c SK
|
| 080 |
|
|
|a 885.4-3
|2 1981
|
| 080 |
|
|
|a 808.54-087
|2 1981
|
| 100 |
1 |
|
|a Moravčík, Štefan,
|d 1943-
|4 aut
|9 98697
|
| 245 |
1 |
0 |
|a V Kiripolci svine kujú-
|c Moravčík Štefan ; Štefan Moravčík, Martin Kellenberger, Pavol Blažo
|
| 250 |
|
|
|a 1. vyd.
|
| 260 |
|
|
|a Bratislava
|b Tatran
|c 1988
|e Košice
|f Východoslovenské tlačiarne
|
| 300 |
|
|
|a 279 s., 24,15 AH
|c 24 cm
|
| 366 |
|
|
|e 1500 výtl.
|
| 490 |
0 |
|
|a Korene
|v Zv. 24.
|
| 500 |
|
|
|a Ilustr. na front. Lit. 36. 36 zázn. v slov. a češ.
|
| 700 |
1 |
|
|a Moravčík, Štefan,
|d 1943-
|4 aut
|9 98697
|
| 700 |
1 |
|
|a Kellenberger, Martin,
|d 1957-
|4 ill
|9 90777
|
| 700 |
1 |
|
|a Blažo, Pavel,
|d 1943-
|4 bkd
|9 247297
|
| 852 |
|
|
|a Slovenská národná knižnica
|
| 954 |
|
|
|a prózy ľudové
|a povesti historické
|
| 954 |
|
|
|a Záhorie
|
| 958 |
|
|
|a OND
|
| 958 |
|
|
|a NB
|
| 958 |
|
|
|a LX
|
| 958 |
|
|
|a TL
|
| 958 |
|
|
|a SV
|
| 999 |
|
|
|c 705771
|d 707701
|
| 952 |
|
|
|t P60, <04>, [BOOK], {604}
|a SNK
|b SNK
|y VYP
|7 0
|p 17A0223009
|o snkSC 73449 D1
|0 0
|1 0
|4 0
|d 1999-12-27
|l 0
|r 2004-12-31 00:00:00
|w 2026-02-23
|
| 952 |
|
|
|a SNK
|b SNK
|y PREZ
|7 0
|p 17A0967127
|o snkSC 73449
|0 0
|1 0
|4 0
|d 2012-09-23
|l 0
|r 2025-07-29 00:00:00
|w 2026-02-23
|
| 952 |
|
|
|a SNKLM
|b SNKLM
|y NEVYP
|7 0
|o snklmKK 772
|i snklm668/2001
|8 7
|0 0
|1 0
|4 0
|d 2006-06-19
|l 0
|r 2026-02-23 21:14:52
|w 2026-02-23
|